| Поле | Название | Значение |
| |
Тип записи |
a |
| |
Библиографический уровень |
m |
| 001 |
Контрольный номер |
RU/СЮИ МВД России/KNIGI/67.404.3я73/Ж35-420163 |
| 005 |
Дата корректировки |
20140508173759.9 |
| 010 |
Индекс ISBN |
__ |
| a |
ISBN |
978-5-9916-1347-7 |
| 100 |
Данные общей обработки |
__ |
| a |
Данные общей обработки |
20110228d2011 |||y0rusy0189 |
| 101 |
Язык документа |
0_ |
| a |
Язык текста |
rus |
| 102 |
Страна публикации |
__ |
| a |
Страна публикации |
RU |
| 105 |
Кодированные данные (монография) |
__ |
| a |
Кодированные данные (монография) |
y j 000yy |
| 200 |
Заглавие и сведения об ответственности |
1_ |
| a |
Заглавие |
Правовая защита интеллектуальной собственности |
| e |
Сведения, относящиеся к заглавию |
учебное пособие для магистратуры: рек. УМО - ВШЭ в области экономики, менеджмента, логистики и бизнес - информатики в качестве учебного пособия для студентов вузов, обучающихся по направлению 080700 "Бизнес-информатика", 030900 "Юриспруденция" |
| f |
Первые сведения об ответственности |
А. К. Жарова |
| g |
Последующие сведения об ответственности |
под общ. ред. С. В. Мальцева |
| 210 |
Выходные данные |
__ |
| a |
Место издания |
М. |
| c |
Издательство |
Юрайт |
| d |
Дата издания |
2011 |
| 215 |
Физическое описание |
__ |
| a |
Объем |
373 с. |
| 225 |
Серия |
2_ |
| a |
Серия |
Магистр |
| 300 |
Общие примечания |
__ |
| a |
Общие примечания |
В конце каждой главы помещены тесты и даны ключи к ним |
| 320 |
Библиография |
__ |
| a |
Библиография |
Библиогр.: с. 371-372 |
| 327 |
Примечание о содержании |
1_ |
| a |
Примечание о содержании |
Содержание : Становление и развитие права интеллектуальной собственности ; История развития права интеллектуальной собственности ; Права на результаты интеллектуальной собственности ; Интеллектуальная собственность, охраняемая авторским правом ; Результаты интеллектуальной собственности, охраняемые правом, смежным с авторским ; Результаты интеллектуальной деятельности, охраняемые патентным правом ; Средства индивидуализации юридических лиц, товаров, работ, услуг и предприятий ; Секреты производства ; Передача и переход исключительного права на объекты интеллектуальной собственности ; Правовое регулрование отношений использования интеллектуальной собственности в условиях Интернета ; Становление правового регулирования отношений использования интеллектуальной собственности в условиях Интернета ; Правовая охрана программ для ЭВМ ; Характеристика ответственности за противоправные деяния в сфере интеллектуальной собственности |
| 464 |
Аналитический уровень |
_0 |
| 1 |
|
2001 |
| a |
|
Становление и развитие права интеллектуальной собственности |
| 464 |
Аналитический уровень |
_0 |
| 1 |
|
2001 |
| a |
|
История развития права интеллектуальной собственности |
| 464 |
Аналитический уровень |
_0 |
| 1 |
|
2001 |
| a |
|
Права на результаты интеллектуальной собственности |
| 464 |
Аналитический уровень |
_0 |
| 1 |
|
2001 |
| a |
|
Интеллектуальная собственность, охраняемая авторским правом |
| 464 |
Аналитический уровень |
_0 |
| 1 |
|
2001 |
| a |
|
Результаты интеллектуальной собственности, охраняемые правом, смежным с авторским |
| 464 |
Аналитический уровень |
_0 |
| 1 |
|
2001 |
| a |
|
Результаты интеллектуальной деятельности, охраняемые патентным правом |
| 464 |
Аналитический уровень |
_0 |
| 1 |
|
2001 |
| a |
|
Средства индивидуализации юридических лиц, товаров, работ, услуг и предприятий |
| 464 |
Аналитический уровень |
_0 |
| 1 |
|
2001 |
| a |
|
Секреты производства |
| 464 |
Аналитический уровень |
_0 |
| 1 |
|
2001 |
| a |
|
Передача и переход исключительного права на объекты интеллектуальной собственности |
| 464 |
Аналитический уровень |
_0 |
| 1 |
|
2001 |
| a |
|
Правовое регулрование отношений использования интеллектуальной собственности в условиях Интернета |
| 464 |
Аналитический уровень |
_0 |
| 1 |
|
2001 |
| a |
|
Становление правового регулирования отношений использования интеллектуальной собственности в условиях Интернета |
| 464 |
Аналитический уровень |
_0 |
| 1 |
|
2001 |
| a |
|
Правовая охрана программ для ЭВМ |
| 464 |
Аналитический уровень |
_0 |
| 1 |
|
2001 |
| a |
|
Характеристика ответственности за противоправные деяния в сфере интеллектуальной собственности |
| 606 |
Тематические рубрики |
__ |
| a |
Основная рубрика |
Интеллектуальная собственность |
| 610 |
Ключевые слова |
1_ |
| a |
Ключевые слова |
контрафактная продукция |
| 610 |
Ключевые слова |
1_ |
| a |
Ключевые слова |
знак обслуживания |
| 610 |
Ключевые слова |
1_ |
| a |
Ключевые слова |
договор авторского заказа |
| 610 |
Ключевые слова |
1_ |
| a |
Ключевые слова |
коллективное управление исключительными правами |
| 620 |
Место и дата публикации, исполнения и т.д. |
__ |
| d |
Город |
Москва |
| 686 |
Индексы других классификаций |
__ |
| a |
Классификационный индекс |
67.404.3я73 |
| 2 |
Код системы |
rubbk |
| 686 |
Индексы других классификаций |
__ |
| a |
Классификационный индекс |
10.27 |
| 2 |
Код системы |
rugasnti |
| 700 |
Автор |
_1 |
| a |
Фамилия |
Жарова |
| b |
Имя |
А. К. |
| 4 |
Код отношения |
070 |
| 702 |
Вторичная интеллектуальная ответственность |
_1 |
| a |
Фамилия |
Мальцев |
| b |
Имя |
С. В. |
| 4 |
Код отношения |
340 |
| 801 |
Источник записи |
_0 |
| b |
Организация |
СЮИ МВД России |
| a |
Страна |
RU |
| c |
Дата составления |
20110228 |
| 801 |
Источник записи |
_1 |
| a |
Страна |
RU |
| b |
Организация |
ПКИ |
| c |
Дата составления |
20110228 |
| 852 |
Данные о местонахождении |
__ |
| a |
Наименование организации |
СЮИ МВД России |
| b |
Сигла хранения |
ЧЗ_Поволжский филиал |
| i |
Авторский знак |
Ж35 |
| p |
Инвентарный номер |
140351 |
| j |
Шифр хранения |
67.404.3я73 |
| j |
Шифр хранения |
67.404.3я73 |
| j |
Шифр хранения |
67.404.3я73 |
| 852 |
Данные о местонахождении |
__ |
| a |
Наименование организации |
СЮИ МВД России |
| b |
Сигла хранения |
УчФ_Поволжский филиал |
| i |
Авторский знак |
Ж35 |
| p |
Инвентарный номер |
140352 |
| 852 |
Данные о местонахождении |
__ |
| a |
Наименование организации |
СЮИ МВД России |
| b |
Сигла хранения |
УчФ_Поволжский филиал |
| i |
Авторский знак |
Ж35 |
| p |
Инвентарный номер |
140353 |
| 901 |
Тип документа |
__ |
| t |
Тип документа |
m |
| 938 |
Служебная информация |
__ |
| a |
Название организации |
Поволжский филиал |
| b |
Имя БД |
Книги_Ирбис |
| c |
Название АИБС |
АБИС ИРБИС |